College Quizbowl Stats
College Quizbowl Stats
Circuits
Seasons
Sets
Records
Detailed Stats
About
Loading...
UK
Tossups
Bonuses
Players
Teams
Categories (Tossup)
Categories (Bonus)
Arran Bligh
Oxford C
Categories
Category
Powers
Gets
Negs
BBs
Points
Earliest Buzz
Avg. Buzz
First Buzzes
Top 3 Buzzes
BPA
PVF
Science - Biology
0
2
0
0
20
117
117.50
0
1
0.00
0.00
Mythology
0
1
1
0
5
110
110.00
0
1
0.00
0.00
Literature - British
0
0
0
0
0
0.00
0
0
0.00
0.00
Science - Chemistry
0
1
2
1
0
109
109.00
0
0
0.00
0.00
Buzzes
Category
Answer
Value
Buzz Position
Science - Chemistry
d-orbitals
-5
86
Science - Chemistry
amino acids
-5
93
Mythology
Odysseus’s crew
-5
101
Science - Chemistry
bond rotation
10
109
Mythology
dwarves
10
110
Science - Biology
ion channels
10
117
Science - Biology
molecular chaperones
10
118
Science - Biology
mutagenesis
0
120
Literature - British
“The Lady of Shalott”
0
155
Previous
1
Next